000 00517nam a2200181Ia 4500
001 9247
005 20260306160709.0
008 260306t2012||||xx |||||||||||||| ||spa||
041 _aESP
082 _a378.002
_bB96
100 _aBusto Saiz, José Ramón
_eAUT
245 0 _aEl edificio de las letras y el modo de usar de ellas:
_bdiscursos del rector José Ramón Busto Saiz S.J. (2002-2012)
260 _c2012
300 _a182 páginas :
_c24 cm.
650 _aGEN
654 _aCED
942 _cLIB
_dJUS
_fJUS
_2ddc
_n
999 _c9247
_d9247